[Event "BL 0607 SK König-Tegel - OSC Baden Bade"]
[Site "?"]
[Date "2006.12.10"]
[Round "6.7"]
[White "Schlosser, Philipp"]
[Black "Pachow, Joerg"]
[Result "1-0"]
[WhiteElo "2554"]
[BlackElo "2290"]
[PlyCount "137"]
[EventDate "2006.??.??"]

1. d4 d6 2. Nf3 Nf6 3. c4 g6 4. Nc3 Bg7 5. e4 O-O 6. Be2 e5 7. O-O exd4 8. Nxd4
Re8 9. f3 Nc6 10. Be3 Nh5 11. Qd2 Nxd4 12. Bxd4 Nf4 13. Rf2 Bxd4 14. Qxd4 Be6
15. Bf1 g5 16. Nd5 Bxd5 17. cxd5 c5 18. dxc6 bxc6 19. Rc1 c5 20. Qc3 Rb8 21.
Bc4 Re5 22. Rd2 Qe7 23. Rcd1 Rb6 24. b3 Ne6 25. Bxe6 Qxe6 26. Rd5 f6 27. R1d3
Kg7 28. Qd2 Rxd5 29. Rxd5 h6 30. h4 Kf7 31. Qa5 Qe7 32. Kh2 Ke6 33. Qc3 Qg7 34.
Qe1 Qf7 35. Kh3 Ke7 36. g4 Qe6 37. Qa5 Qd7 38. Kg3 Qb7 39. Qd2 Qd7 40. Qc3 Qe6
41. a3 a5 42. h5 Rb5 43. Qc4 Qd7 44. Rd3 Rb8 45. Kf2 Qb5 46. Qd5 Qd7 47. Ke2
Qe6 48. Qc6 Rxb3 49. Qc7+ Ke8 50. Qxd6 Qxd6 51. Rxd6 Ke7 52. e5 fxe5 53. Rxh6
e4 54. Rg6 Rxf3 55. Rxg5 Kf6 56. Rxc5 Rg3 57. Rf5+ Ke6 58. Rg5 Kf6 59. Rg6+ Kf7
60. a4 Ra3 61. g5 Rxa4 62. Ke3 Ra1 63. Rf6+ Ke7 64. Kxe4 a4 65. Ra6 a3 66. Kf5
Kf7 67. Ra7+ Kf8 68. Kg6 a2 69. h6 1-0

[Event "BL 0607 SK König-Tegel - OSC Baden Bade"]
[Site "?"]
[Date "2006.12.10"]
[Round "6.8"]
[White "Giemsa, Stephan"]
[Black "Doettling, Fabian"]
[Result "1/2-1/2"]
[WhiteElo "2276"]
[BlackElo "2542"]
[PlyCount "47"]
[EventDate "2006.??.??"]

1. d4 d5 2. c4 e6 3. Nf3 Nf6 4. g3 dxc4 5. Bg2 Nc6 6. Qa4 Bb4+ 7. Bd2 Bd6 8.
Qxc4 O-O 9. O-O e5 10. d5 Ne7 11. Nc3 h6 12. e4 a6 13. a4 c6 14. a5 cxd5 15.
exd5 Bf5 16. Rfe1 Rc8 17. Qb3 Qc7 18. Rac1 Qb8 19. Be3 Nd7 20. Na4 Rxc1 21.
Rxc1 Rc8 22. Rc4 Rxc4 23. Qxc4 Qc7 24. Qxc7 1/2-1/2

[Event "BL 0607 SC Kreuzberg - SC Bann"]
[Site "?"]
[Date "2006.12.10"]
[Round "6.1"]
[White "Laznicka, Viktor"]
[Black "Sargissian, Gabriel"]
[Result "0-1"]
[WhiteElo "2596"]
[BlackElo "2667"]
[PlyCount "64"]
[EventDate "2006.??.??"]

1. d4 Nf6 2. c4 e6 3. Nf3 d5 4. Nc3 Bb4 5. cxd5 exd5 6. Bg5 Nbd7 7. Rc1 c6 8.
e3 Qa5 9. Qb3 Ne4 10. Bf4 c5 11. a3 Bxc3+ 12. bxc3 c4 13. Qb4 Qxb4 14. axb4 a5
15. bxa5 Rxa5 16. Ng5 Nxg5 17. Bxg5 Nb6 18. Rb1 Na4 19. Kd2 b5 20. Be2 Bf5 21.
Ra1 Kd7 22. Ra3 Nc5 23. Rxa5 Nb3+ 24. Kd1 Nxa5 25. Kc1 b4 26. cxb4 Rb8 27. Bd1
Rxb4 28. Bc2 Nb3+ 29. Kd1 Bd3 30. Re1 Ra4 31. Bxb3 cxb3 32. Kd2 b2 0-1

[Event "BL 0607 SC Kreuzberg - SC Bann"]
[Site "?"]
[Date "2006.12.10"]
[Round "6.2"]
[White "Socko, Bartosz"]
[Black "Stocek, Jiri"]
[Result "1-0"]
[WhiteElo "2630"]
[BlackElo "2572"]
[PlyCount "101"]
[EventDate "2006.??.??"]

1. e4 c5 2. Nf3 d6 3. d4 cxd4 4. Nxd4 Nf6 5. Nc3 g6 6. Be3 Bg7 7. f3 Nc6 8. Qd2
O-O 9. Bc4 Bd7 10. O-O-O Ne5 11. Bb3 Rc8 12. Kb1 Nc4 13. Bxc4 Rxc4 14. g4 b5
15. b3 b4 16. bxc4 bxc3 17. Qxc3 Qc7 18. g5 Nh5 19. Kc1 Rc8 20. Qd3 Be5 21. h4
Nf4 22. Bxf4 Bxf4+ 23. Kb2 Be5 24. c3 Qa5 25. Rb1 Qa4 26. Ka1 a5 27. Rb3 Kg7
28. Kb2 Rxc4 29. Ra3 Rxd4 30. cxd4 Bxd4+ 31. Kb1 Qb4+ 32. Rb3 Qa4 33. Rb7 Be5
34. Rc1 Be6 35. Rc2 d5 36. Rb5 dxe4 37. fxe4 Bd4 38. a3 h5 39. Rb4 axb4 40.
Qxd4+ Kh7 41. Qxb4 Qa6 42. Kb2 Qd3 43. a4 Qg3 44. a5 Qe5+ 45. Kb1 Bg4 46. Rc5
Qd6 47. Rc4 Qd3+ 48. Kb2 Be2 49. Rd4 Qe3 50. Rd8 Ba6 51. Qc3 1-0

[Event "BL 0607 SC Kreuzberg - SC Bann"]
[Site "?"]
[Date "2006.12.10"]
[Round "6.3"]
[White "Cvek, Robert"]
[Black "Luther, Thomas"]
[Result "1/2-1/2"]
[WhiteElo "2512"]
[BlackElo "2594"]
[PlyCount "47"]
[EventDate "2006.??.??"]

1. e4 e6 2. d4 d5 3. Nc3 Nf6 4. e5 Nfd7 5. f4 c5 6. Nf3 Nc6 7. Be3 Be7 8. Qd2
O-O 9. O-O-O c4 10. f5 b5 11. Ne2 exf5 12. Nf4 Nb6 13. Nh5 f4 14. Bxf4 Bg4 15.
Ng3 Na4 16. Qe1 c3 17. b3 Qa5 18. Rd3 Ba3+ 19. Kb1 Bb2 20. h3 Nb6 21. hxg4 Nc4
22. Rxc3 Bxc3 23. Bd3 h6 24. Bxh6 1/2-1/2

[Event "BL 0607 SC Kreuzberg - SC Bann"]
[Site "?"]
[Date "2006.12.10"]
[Round "6.4"]
[White "Kalinitschew, Sergey"]
[Black "Jirovsky, Milos"]
[Result "1/2-1/2"]
[WhiteElo "2471"]
[BlackElo "2492"]
[PlyCount "83"]
[EventDate "2006.??.??"]

1. d4 d5 2. c4 e6 3. Nc3 Nf6 4. Bg5 c6 5. Qc2 Be7 6. e3 O-O 7. Bd3 Nbd7 8. Nf3
Re8 9. h3 Nf8 10. cxd5 exd5 11. Bf4 Bd6 12. Bxd6 Qxd6 13. O-O-O Be6 14. Kb1
Rac8 15. g4 N6d7 16. Ng5 h6 17. Nf3 b5 18. g5 b4 19. Na4 hxg5 20. Nxg5 c5 21.
dxc5 Nxc5 22. Nxc5 Rxc5 23. Qd2 Ra5 24. b3 Rc8 25. Rc1 Rac5 26. Rxc5 Rxc5 27.
Nf3 a5 28. Nd4 Nd7 29. f4 Nf6 30. Rg1 Bd7 31. Qg2 Ne8 32. Qg5 Kf8 33. h4 Qf6
34. Rc1 Rxc1+ 35. Kxc1 Qd6 36. Qg2 Qc7+ 37. Qc2 Ke7 38. Kb2 Qxc2+ 39. Nxc2 Kd6
40. a3 bxa3+ 41. Kxa3 Kc5 42. Nd4 1/2-1/2

[Event "BL 0607 SC Kreuzberg - SC Bann"]
[Site "?"]
[Date "2006.12.10"]
[Round "6.5"]
[White "Slobodjan, Roman"]
[Black "Volke, Karsten"]
[Result "1-0"]
[WhiteElo "2525"]
[BlackElo "2478"]
[PlyCount "83"]
[EventDate "2006.??.??"]

1. e4 e5 2. Bc4 Nf6 3. d3 c6 4. Nf3 Be7 5. O-O Qc7 6. Re1 O-O 7. Bg5 d6 8. c3
h6 9. Bh4 Nbd7 10. d4 b5 11. Bd3 Nb6 12. Bg3 Nfd7 13. Nbd2 Bf6 14. Rc1 Re8 15.
c4 bxc4 16. Nxc4 Nxc4 17. Bxc4 Qb6 18. Bb3 Bb7 19. dxe5 Nxe5 20. Nxe5 dxe5 21.
Qh5 Re7 22. Red1 c5 23. Qe2 a5 24. Bd5 a4 25. Rc2 Ba6 26. Bc4 Rb7 27. Rd5 Bxc4
28. Qxc4 Qb4 29. Rxc5 Qe1+ 30. Qf1 Qxe4 31. h3 Rd8 32. Qe2 Qxe2 33. Rxe2 Rd1+
34. Kh2 Ra1 35. a3 e4 36. Be5 Be7 37. Rc8+ Kh7 38. Rxe4 Rb5 39. g3 Bc5 40. Kg2
Rd1 41. Bc3 Bb6 42. Rb8 1-0

[Event "BL 0607 SC Kreuzberg - SC Bann"]
[Site "?"]
[Date "2006.12.10"]
[Round "6.6"]
[White "Loeffler, Stefan"]
[Black "Bunzmann, Dimitri"]
[Result "0-1"]
[WhiteElo "2448"]
[BlackElo "2530"]
[PlyCount "92"]
[EventDate "2006.??.??"]

1. d4 e6 2. c4 f5 3. Nc3 Nf6 4. Bg5 Bb4 5. e3 Bxc3+ 6. bxc3 O-O 7. Bd3 Qe8 8.
Qc2 d6 9. Ne2 Nbd7 10. f3 Qg6 11. h4 h6 12. Bxf6 Qxf6 13. O-O-O e5 14. g4 fxg4
15. fxg4 Qf3 16. g5 Qxe3+ 17. Kb1 Rf2 18. gxh6 Qxh6 19. Rhf1 Rxf1 20. Rxf1 Nf6
21. Ng3 Bh3 22. Rh1 Bg4 23. Bf5 Qf4 24. Rg1 exd4 25. cxd4 Qxd4 26. Qg2 Re8 27.
Bc2 Qc3 28. Qxb7 Re1+ 29. Rxe1 Qxe1+ 30. Kb2 Qe5+ 31. Kc1 Qxg3 32. Qb8+ Kf7 33.
Qxc7+ Nd7 34. Qxa7 Qxh4 35. Qg1 Ne5 36. c5 dxc5 37. Qxc5 Qe1+ 38. Kb2 Qe2 39.
Kc3 Qf3+ 40. Kb2 Nd3+ 41. Bxd3 Qxd3 42. a4 Bf5 43. Qe5 Qc2+ 44. Ka3 Be6 45.
Qf4+ Kg8 46. Kb4 Bd7 0-1

[Event "BL 0607 SC Kreuzberg - SC Bann"]
[Site "?"]
[Date "2006.12.10"]
[Round "6.7"]
[White "Mozny, Mylos"]
[Black "Paehtz, Elisabeth"]
[Result "0-1"]
[WhiteElo "2392"]
[BlackElo "2449"]
[PlyCount "98"]
[EventDate "2006.??.??"]

1. d4 Nf6 2. Nf3 e6 3. c4 Bb4+ 4. Nbd2 b6 5. g3 Bb7 6. Bg2 O-O 7. O-O d5 8. Ne5
Qc8 9. Ndf3 dxc4 10. Nxc4 Bd5 11. Nce5 Qb7 12. Bf4 Be7 13. Rc1 Na6 14. Bg5 c5
15. dxc5 Nxc5 16. Nd3 Nxd3 17. Qxd3 Rfd8 18. Qb1 Qa6 19. Ne5 Qxe2 20. Rfe1 Qb5
21. a4 Qb4 22. Rc7 Bd6 23. Bxf6 Bxc7 24. Bxd8 Rxd8 25. Bxd5 Bxe5 26. Bxe6 fxe6
27. Rxe5 Qxa4 28. b3 Qc6 29. Qe1 Kf7 30. h4 Qf3 31. Re3 Qd5 32. Qc3 h6 33. Qc7+
Rd7 34. Qc8 Qb7 35. Rf3+ Qxf3 36. Qxd7+ Kf6 37. Qxa7 Qxb3 38. Qc7 Qd1+ 39. Kh2
Qd4 40. Kg1 b5 41. Qb8 Qe5 42. Qf8+ Kg6 43. g4 Qe1+ 44. Kg2 Kh7 45. g5 Qe4+ 46.
Kg3 Qf5 47. Qe8 b4 48. f4 b3 49. Qb8 h5 0-1

[Event "BL 0607 SC Kreuzberg - SC Bann"]
[Site "?"]
[Date "2006.12.10"]
[Round "6.8"]
[White "Richter, Michael"]
[Black "Feller, Sebastien"]
[Result "1-0"]
[WhiteElo "2396"]
[BlackElo "2424"]
[PlyCount "83"]
[EventDate "2006.??.??"]

1. d4 e6 2. Nf3 c5 3. e3 Nf6 4. Bd3 b6 5. O-O Bb7 6. c4 Be7 7. Nc3 cxd4 8. exd4
d5 9. cxd5 Nxd5 10. Ne5 O-O 11. Qh5 g6 12. Qh3 Nxc3 13. bxc3 Nd7 14. Bh6 Re8
15. Bb5 Nxe5 16. dxe5 Qd5 17. Bxe8 Rxe8 18. Qg3 Qc5 19. Rfe1 Bd5 20. h4 Qc4 21.
Bg5 Bf8 22. a4 Rc8 23. h5 Qb3 24. h6 Qc2 25. Rec1 Qe2 26. c4 Rxc4 27. Rxc4 Qxc4
28. Qf4 Qc6 29. Rc1 Qd7 30. Qf6 Bc6 31. Qd8 Qb7 32. Be7 Qxe7 33. Qxe7 Bxe7 34.
Rxc6 Bf8 35. Rc8 g5 36. Ra8 a5 37. Rb8 f6 38. Rxb6 Kf7 39. Kf1 fxe5 40. Ke2 Be7
41. Rb5 Bd8 42. Rb8 1-0

[Event "BL 0607 TV Tegernsee - SG Köln Porz"]
[Site "?"]
[Date "2006.12.10"]
[Round "6.2"]
[White "Sokolov, Andrei"]
[Black "Lutz, Christopher"]
[Result "1/2-1/2"]
[WhiteElo "2580"]
[BlackElo "2580"]
[PlyCount "60"]
[EventDate "2006.??.??"]

1. e4 c5 2. Nf3 d6 3. d4 cxd4 4. Nxd4 Nf6 5. Nc3 a6 6. Be3 e5 7. Nf3 Be7 8. Bc4
O-O 9. Qe2 Be6 10. O-O-O Bxc4 11. Qxc4 b5 12. Qb3 Nbd7 13. Bg5 Nc5 14. Qb4 a5
15. Qxc5 dxc5 16. Rxd8 Rfxd8 17. Nxb5 h6 18. Bxf6 Bxf6 19. a4 Rab8 20. c3 Rbc8
21. Kc2 c4 22. Re1 g5 23. h3 Bg7 24. Nh2 f6 25. Ng4 Kf7 26. Ne3 Bf8 27. Na7 Rc7
28. Nb5 Rcc8 29. Na7 Rc7 30. Nb5 Rcc8 1/2-1/2

[Event "BL 0607 TV Tegernsee - SG Köln Porz"]
[Site "?"]
[Date "2006.12.10"]
[Round "6.4"]
[White "Bromberger, Stefan"]
[Black "Timman, Jan H"]
[Result "1/2-1/2"]
[WhiteElo "2505"]
[BlackElo "2565"]
[PlyCount "93"]
[EventDate "2006.??.??"]

1. e4 c5 2. Nf3 d6 3. d4 cxd4 4. Nxd4 Nf6 5. Nc3 e6 6. g4 h6 7. h4 Nc6 8. Nxc6
bxc6 9. Qf3 d5 10. g5 Nd7 11. exd5 cxd5 12. Bf4 Bb7 13. O-O-O Qb6 14. g6 f5 15.
Qe2 Be7 16. Rh3 O-O 17. Re3 Nc5 18. Nb5 Bf6 19. Bc7 Qc6 20. Bd6 f4 21. Rxe6 f3
22. Qe1 Nxe6 23. Qxe6+ Kh8 24. Nc7 Rfe8 25. Nxe8 Rxe8 26. Qf7 Rc8 27. Bd3 Qxd6
28. Qxb7 Qf4+ 29. Kb1 Rb8 30. Re1 Bxb2 31. Bb5 Bd4 32. Qxb8+ Qxb8 33. Re8+ Qxe8
34. Bxe8 Bxf2 35. h5 Be3 36. c3 f2 37. Bb5 Kg8 38. Kc2 Kf8 39. Kd1 Ke7 40. Ke2
Bc5 41. Bc6 Kd6 42. Bb7 Ke5 43. Bc6 a5 44. a4 Be3 45. Bb7 d4 46. cxd4+ Bxd4 47.
Kf1 1/2-1/2

[Event "BL 0607 TV Tegernsee - SG Köln Porz"]
[Site "?"]
[Date "2006.12.10"]
[Round "6.6"]
[White "Kindermann, Stefan"]
[Black "Sakaev, Konstantin"]
[Result "1/2-1/2"]
[WhiteElo "2532"]
[BlackElo "2641"]
[PlyCount "39"]
[EventDate "2006.??.??"]

1. e4 c5 2. c3 Nf6 3. e5 Nd5 4. Nf3 Nc6 5. d4 cxd4 6. cxd4 d6 7. Bc4 Nb6 8. Bb5
dxe5 9. Nxe5 Bd7 10. Nxd7 Qxd7 11. Nc3 e6 12. O-O Rd8 13. a4 a6 14. Bxc6 Qxc6
15. Bg5 f6 16. Be3 Be7 17. Qb3 Nd5 18. Rfc1 Qb6 19. Qxb6 Nxb6 20. a5 1/2-1/2

[Event "BL 0607 TV Tegernsee - SG Köln Porz"]
[Site "?"]
[Date "2006.12.10"]
[Round "6.7"]
[White "Hansen, Curt"]
[Black "Hertneck, Gerald"]
[Result "1-0"]
[WhiteElo "2621"]
[BlackElo "2520"]
[PlyCount "64"]
[EventDate "2006.??.??"]

1. d4 d5 2. c4 e6 3. Nc3 Nf6 4. cxd5 exd5 5. Bg5 c6 6. Qc2 Be7 7. e3 Nbd7 8.
Bd3 Nh5 9. Bxe7 Qxe7 10. O-O-O Nb6 11. h3 g6 12. Nf3 Be6 13. Kb1 Ng7 14. g4
O-O-O 15. Na4 Nd7 16. Qb3 Ne8 17. Rc1 Nc7 18. Rc2 h5 19. g5 Bf5 20. Bxf5 gxf5
21. Rhc1 f6 22. gxf6 Qxf6 23. Ne5 Nxe5 24. Nc5 b6 25. dxe5 Qe7 26. Nd3 c5 27.
Rxc5 bxc5 28. Nxc5 Na8 29. Ne6+ Kd7 30. Qxd5+ Ke8 31. Nxd8 Nb6 32. Qc6+ Kxd8
1-0

[Event "BL 0607 TV Tegernsee - SG Köln Porz"]
[Site "?"]
[Date "2006.12.10"]
[Round "6.8"]
[White "Teske, Henrik"]
[Black "Van den Doel, Erik"]
[Result "1/2-1/2"]
[WhiteElo "2514"]
[BlackElo "2578"]
[PlyCount "120"]
[EventDate "2006.??.??"]

1. c4 Nf6 2. Nc3 e5 3. Nf3 Nc6 4. d3 d5 5. cxd5 Nxd5 6. e3 Be7 7. Be2 O-O 8.
O-O Be6 9. Bd2 f5 10. a3 a5 11. Rc1 Kh8 12. Na4 Qd6 13. Nc5 Bc8 14. Qc2 Bf6 15.
Rfd1 Nde7 16. b4 b6 17. Nb3 axb4 18. axb4 Be6 19. b5 Nb4 20. Bxb4 Qxb4 21. Rb1
Qd6 22. d4 e4 23. Nfd2 Nd5 24. Nc4 Qe7 25. Ra1 Qb4 26. Rac1 Qxb5 27. Ne5 Nxe3
28. Bxb5 Nxc2 29. d5 Bxd5 30. Rxd5 Nb4 31. Rcd1 Nxd5 32. Rxd5 Ra3 33. Bc4 Bxe5
34. Rxe5 c5 35. g4 fxg4 36. Nd2 Ra1+ 37. Kg2 Rc1 38. Bb5 h6 39. Re6 c4 40. Nxe4
c3 41. Rc6 h5 42. Be2 c2 43. Bd3 b5 44. Bxc2 b4 45. Rc4 g6 46. Nd2 Kg7 47. Nb3
Re1 48. Nc5 Rf3 49. Nd3 Re2 50. Bd1 Rd2 51. Bxf3 gxf3+ 52. Kg3 Rxd3 53. Rxb4 g5
54. Rb7+ Kf6 55. Rb6+ Ke5 56. Rb5+ Rd5 57. Rxd5+ Kxd5 58. Kxf3 Kd4 59. h4 gxh4
60. Kg2 Ke4 1/2-1/2

[Event "BL 0607 SC Eppingen - SC Remagen"]
[Site "?"]
[Date "2006.12.10"]
[Round "6.1"]
[White "Ivanchuk, Vassily"]
[Black "Gyimesi, Zoltan"]
[Result "1-0"]
[WhiteElo "2741"]
[BlackElo "2616"]
[PlyCount "87"]
[EventDate "2006.??.??"]

1. e4 e5 2. Nf3 Nc6 3. Bb5 Nf6 4. d3 Bc5 5. Bxc6 dxc6 6. Bg5 Qd6 7. Nbd2 Nd7 8.
Nc4 Qe6 9. O-O O-O 10. a4 Nb6 11. Be3 Nxc4 12. Bxc5 Nd6 13. a5 f6 14. d4 Rd8
15. Re1 Nb5 16. d5 Qf7 17. c4 Nd6 18. Qb3 cxd5 19. cxd5 c6 20. Bxa7 cxd5 21.
Bb6 Re8 22. exd5 Bd7 23. Nd2 Rac8 24. Rac1 h5 25. Rc3 Nb5 26. Rd3 Nd6 27. h3
Bb5 28. Rc3 Rxc3 29. bxc3 Rc8 30. Rc1 Ba6 31. c4 Nxc4 32. Rxc4 Bxc4 33. Nxc4
Qxd5 34. Nd2 Qxb3 35. Nxb3 Re8 36. Nc5 Re7 37. f3 Kh7 38. Kf2 Kg6 39. Ke3 Kf5
40. Bd8 Rf7 41. h4 g6 42. g3 g5 43. Ne4 Rd7 44. g4+ 1-0

[Event "BL 0607 SC Eppingen - SC Remagen"]
[Site "?"]
[Date "2006.12.10"]
[Round "6.2"]
[White "Balogh, Csaba"]
[Black "Fressinet, Laurent"]
[Result "1/2-1/2"]
[WhiteElo "2616"]
[BlackElo "2628"]
[PlyCount "56"]
[EventDate "2006.??.??"]

1. e4 e5 2. Nf3 Nc6 3. Bb5 Nf6 4. d3 d6 5. O-O Bd7 6. c3 g6 7. Re1 Bg7 8. Bg5
O-O 9. Nbd2 Qe8 10. Nf1 Nh5 11. Ne3 Kh8 12. Nd5 Rc8 13. Bh4 f6 14. b4 Ne7 15.
Bxd7 Qxd7 16. Nxe7 Qxe7 17. d4 Qf7 18. Qb3 Qd7 19. Rad1 Rce8 20. Bg3 Qc8 21.
Qd5 Rd8 22. c4 Rfe8 23. Qa5 exd4 24. Nxd4 f5 25. Bh4 Rd7 26. Qxa7 fxe4 27. Nc2
Rf7 28. Bg3 Nxg3 1/2-1/2

[Event "BL 0607 SC Eppingen - SC Remagen"]
[Site "?"]
[Date "2006.12.10"]
[Round "6.3"]
[White "Fedorchuk, Sergey"]
[Black "Postny, Evgeny"]
[Result "1/2-1/2"]
[WhiteElo "2599"]
[BlackElo "2609"]
[PlyCount "151"]
[EventDate "2006.??.??"]

1. e4 e5 2. Nf3 Nc6 3. Bb5 a6 4. Ba4 Nf6 5. O-O Be7 6. Re1 b5 7. Bb3 d6 8. c3
O-O 9. h3 Nb8 10. d4 Nbd7 11. Nbd2 Bb7 12. Bc2 c5 13. a4 Qc7 14. Nf1 cxd4 15.
cxd4 Rfc8 16. Bb1 bxa4 17. Rxa4 Bc6 18. Ra1 Qb7 19. Ng3 Bf8 20. d5 Bb5 21. Ne2
Nc5 22. Nc3 Be8 23. Bc2 Be7 24. Nd2 g6 25. Nb3 Nxb3 26. Bxb3 Bd8 27. Ba4 Bxa4
28. Qxa4 Bb6 29. Be3 Bc5 30. Bxc5 Rxc5 31. Re3 Nd7 32. Qa2 a5 33. Na4 Rb5 34.
Rc1 Rc8 35. Rxc8+ Qxc8 36. Rc3 Qb8 37. Rc6 Rb4 38. Nc3 Nc5 39. Qxa5 Rxb2 40.
Rc7 Kg7 41. Ra7 Qb6 42. Qxb6 Rxb6 43. f3 Rb2 44. h4 h5 45. Kh2 Kf6 46. Nd1 Re2
47. Nc3 Rb2 48. Nd1 Re2 49. Ra3 Rd2 50. Ne3 Rd3 51. Rxd3 Nxd3 52. Kg1 Ke7 53.
Kf1 Kd7 54. Ke2 Nc5 55. Kd2 Nb3+ 56. Kd3 Nd4 57. Nc4 Ke7 58. Ke3 Nc2+ 59. Kd2
Nd4 60. Kd3 Kd7 61. Ke3 Nc2+ 62. Kf2 Nb4 63. Ne3 Nd3+ 64. Ke2 Nc5 65. Nf1 Ke7
66. Kd2 Nb3+ 67. Ke3 Nd4 68. g3 Nc2+ 69. Kf2 Nb4 70. Ke2 f5 71. Ne3 Kf6 72. Nc4
Ke7 73. Ke3 Nc2+ 74. Kd3 Ne1+ 75. Ke2 Nc2 76. Kd3 1/2-1/2

[Event "BL 0607 SC Eppingen - SC Remagen"]
[Site "?"]
[Date "2006.12.10"]
[Round "6.4"]
[White "Braun, Arik"]
[Black "Bauer, Christian"]
[Result "1-0"]
[WhiteElo "2525"]
[BlackElo "2589"]
[PlyCount "99"]
[EventDate "2006.??.??"]

1. d4 d6 2. c4 e5 3. e3 Nd7 4. Nc3 Ngf6 5. g3 c6 6. Bg2 Be7 7. Nge2 Nb6 8. Qd3
O-O 9. O-O Re8 10. h3 Bf8 11. f4 exd4 12. exd4 Be6 13. b3 d5 14. c5 Nc8 15. f5
Bd7 16. Bd2 b6 17. b4 a5 18. a3 h6 19. Kh2 Ne7 20. g4 Bc8 21. Bf4 Ba6 22. Qc2
Bc4 23. Rfd1 b5 24. Ng1 h5 25. Bf3 Ne4 26. Re1 axb4 27. axb4 Qd7 28. Nge2 Rxa1
29. Rxa1 hxg4 30. hxg4 Nxf5 31. gxf5 Qxf5 32. Rg1 Re6 33. Rg5 Rh6+ 34. Kg1 Rg6
35. Rxg6 Qxg6+ 36. Ng3 Qf6 37. Bxe4 Qxf4 38. Bh7+ Kh8 39. Qh2 g6 40. Bxg6+ Bh6
41. Bxf7 Qc1+ 42. Kg2 Qd2+ 43. Kg1 Qe1+ 44. Kg2 Qd2+ 45. Nge2 Bxe2 46. Qb8+ Kg7
47. Qg8+ Kf6 48. Qg6+ Ke7 49. Qe6+ Kf8 50. Nxe2 1-0

[Event "BL 0607 SC Eppingen - SC Remagen"]
[Site "?"]
[Date "2006.12.10"]
[Round "6.5"]
[White "Degraeve, Jean-Marc"]
[Black "Meier, Georg"]
[Result "1/2-1/2"]
[WhiteElo "2551"]
[BlackElo "2484"]
[PlyCount "79"]
[EventDate "2006.??.??"]

1. e4 e6 2. d4 d5 3. Nd2 dxe4 4. Nxe4 Nd7 5. Nf3 Ngf6 6. Bg5 h6 7. Nxf6+ Nxf6
8. Be3 Nd5 9. Bd3 Nxe3 10. fxe3 Bd6 11. e4 e5 12. dxe5 Bc5 13. Bb5+ c6 14.
Qxd8+ Kxd8 15. Bc4 Ke7 16. c3 Be6 17. Bxe6 Kxe6 18. Ke2 Rad8 19. Ne1 Bb6 20.
Rf1 c5 21. a4 Bc7 22. Nd3 c4 23. Nf4+ Kxe5 24. Nd5 Rd7 25. Rad1 Ke6 26. Nxc7+
Rxc7 27. Rd5 Rhc8 28. Ke3 Rc6 29. Kd4 f6 30. a5 b6 31. Ra1 a6 32. axb6 Rxb6 33.
g4 Rxb2 34. Rxa6+ Ke7 35. Ra7+ Ke6 36. h4 Rd2+ 37. Ke3 Rc2 38. Rxg7 Rxc3+ 39.
Kf4 Rd3 40. Rxd3 1/2-1/2

[Event "BL 0607 SC Eppingen - SC Remagen"]
[Site "?"]
[Date "2006.12.10"]
[Round "6.6"]
[White "Medvegy, Zoltan"]
[Black "Bindrich, Falko"]
[Result "1/2-1/2"]
[WhiteElo "2518"]
[BlackElo "2482"]
[PlyCount "56"]
[EventDate "2006.??.??"]

1. d4 Nf6 2. c4 e6 3. Nf3 b6 4. g3 Bb4+ 5. Bd2 Bxd2+ 6. Qxd2 Bb7 7. Bg2 O-O 8.
O-O d6 9. Nc3 Ne4 10. Nxe4 Bxe4 11. Qf4 Bb7 12. e4 Nd7 13. Rad1 Qe7 14. Qe3 c5
15. Rfe1 Rfd8 16. d5 a6 17. Qc3 Rab8 18. e5 exd5 19. cxd5 dxe5 20. Nxe5 Nxe5
21. Rxe5 Qf6 22. a4 g6 23. f4 a5 24. h4 Rd6 25. Rde1 Rf8 26. h5 Qg7 27. R1e3
Bc8 28. Bf1 Bd7 1/2-1/2

[Event "BL 0607 SC Eppingen - SC Remagen"]
[Site "?"]
[Date "2006.12.10"]
[Round "6.7"]
[White "Boidman, Yuri"]
[Black "Mann, Christian"]
[Result "0-1"]
[WhiteElo "2438"]
[BlackElo "2457"]
[PlyCount "70"]
[EventDate "2006.??.??"]

1. e4 d5 2. exd5 Qxd5 3. Nc3 Qa5 4. d4 Nf6 5. Bd2 Bg4 6. f3 Bf5 7. g4 Bg6 8. f4
e6 9. f5 exf5 10. g5 Ng8 11. Qe2+ Be7 12. Bg2 c6 13. h4 h6 14. h5 Bh7 15. gxh6
Nxh6 16. Nd5 Qd8 17. Bxh6 gxh6 18. Qe5 Kd7 19. O-O-O Bd6 20. Qf6 cxd5 21. Qxf7+
Qe7 22. Qxd5 Nc6 23. Nf3 Kc7 24. Rhe1 Qg7 25. Re6 Rad8 26. Ne5 Bxe5 27. Rxc6+
Kb8 28. Qf3 Bxd4 29. Re1 Rhe8 30. Rce6 Rxe6 31. Rxe6 Bxb2+ 32. Kb1 Ba1 33. c3
f4+ 34. Kxa1 Rd1+ 35. Kb2 Rb1+ 0-1

[Event "BL 0607 SC Eppingen - SC Remagen"]
[Site "?"]
[Date "2006.12.10"]
[Round "6.8"]
[White "Vogt, Lothar"]
[Black "Schulz, Klaus-Juergen"]
[Result "1/2-1/2"]
[WhiteElo "2479"]
[BlackElo "2393"]
[PlyCount "47"]
[EventDate "2006.??.??"]

1. e4 e5 2. Nf3 Nc6 3. Bb5 a6 4. Ba4 Nf6 5. O-O Be7 6. Bxc6 dxc6 7. d3 Nd7 8.
Nbd2 Bf6 9. Nc4 c5 10. a4 O-O 11. b3 Re8 12. Bb2 b6 13. h3 a5 14. Qd2 Ba6 15.
Ne3 Nb8 16. Nd5 Nc6 17. Nxf6+ Qxf6 18. Nh2 Qd6 19. f4 exf4 20. Rxf4 Nd4 21.
Raf1 f5 22. e5 Rxe5 23. Bxd4 cxd4 24. Rxf5 1/2-1/2

[Event "BL 0607 SF Katernberg - SV Wattenscheid"]
[Site "?"]
[Date "2006.12.10"]
[Round "6.3"]
[White "Johannessen, Leif Erlend"]
[Black "L'Ami, Erwin"]
[Result "1/2-1/2"]
[WhiteElo "2551"]
[BlackElo "2584"]
[PlyCount "63"]
[EventDate "2006.??.??"]

1. d4 d5 2. c4 c6 3. Nf3 Nf6 4. Nc3 dxc4 5. a4 Bf5 6. Ne5 Nbd7 7. Nxc4 Qc7 8.
g3 e5 9. dxe5 Nxe5 10. Bf4 Nfd7 11. Bg2 g5 12. Ne3 gxf4 13. Nxf5 O-O-O 14. Qc2
Nc5 15. O-O fxg3 16. hxg3 a5 17. Rfd1 h5 18. Rxd8+ Qxd8 19. Rd1 Qf6 20. e4 h4
21. f4 Ng6 22. e5 Qe6 23. Ne2 hxg3 24. Nd6+ Bxd6 25. Rxd6 Qg4 26. Qxc5 Qxe2 27.
Rxc6+ bxc6 28. Qxc6+ Kd8 29. Qb6+ Ke8 30. Qb8+ Kd7 31. Qd6+ Kc8 32. Qc6+
1/2-1/2

[Event "BL 0607 SF Katernberg - SV Wattenscheid"]
[Site "?"]
[Date "2006.12.10"]
[Round "6.4"]
[White "Chuchelov, Vladimir"]
[Black "Bartel, Mateusz"]
[Result "1/2-1/2"]
[WhiteElo "2539"]
[BlackElo "2569"]
[PlyCount "58"]
[EventDate "2006.??.??"]

1. Nf3 f5 2. c4 g6 3. g3 Bg7 4. d4 Nf6 5. Bg2 O-O 6. O-O c6 7. Nc3 Na6 8. b3
Ne4 9. Bb2 d5 10. e3 Be6 11. Rc1 Bf6 12. Qe2 Qe8 13. Rfd1 Qf7 14. cxd5 Nxc3 15.
Rxc3 Bxd5 16. Ne5 Bxe5 17. Bxd5 Qxd5 18. dxe5 Qe6 19. Qc4 Qxc4 20. Rxc4 Rfd8
21. Rxd8+ Rxd8 22. Bd4 Ra8 23. Kf1 Kf7 24. Ke2 Ke6 25. Bb2 c5 26. g4 h5 27.
gxh5 gxh5 28. Rh4 Rh8 29. Ra4 Ra8 1/2-1/2

[Event "BL 0607 SF Katernberg - SV Wattenscheid"]
[Site "?"]
[Date "2006.12.10"]
[Round "6.5"]
[White "Appel, Ralf"]
[Black "Glek, Igor V"]
[Result "0-1"]
[WhiteElo "2507"]
[BlackElo "2538"]
[PlyCount "92"]
[EventDate "2006.??.??"]

1. d4 Nf6 2. Nf3 g6 3. Bf4 d6 4. c4 c5 5. dxc5 Qa5+ 6. Nc3 Qxc5 7. e3 Bg7 8.
Be2 O-O 9. O-O Qb6 10. Qd2 Bf5 11. Bg5 Nc6 12. Nd4 Ne4 13. Nxe4 Bxe4 14. Rfd1
Rfe8 15. f3 Nxd4 16. exd4 Bf5 17. Be3 a5 18. Rac1 a4 19. Bf1 h5 20. Qf2 Rec8
21. h3 Bd7 22. Bd3 Qb4 23. Rc2 d5 24. c5 b6 25. f4 e6 26. Rdc1 bxc5 27. dxc5
Bc6 28. Bd2 Qd4 29. Be2 Rcb8 30. Be3 Qf6 31. Rd2 Rxb2 32. Bd4 Rxd2 33. Bxf6
Bxf6 34. Qe1 Rxa2 35. f5 exf5 36. Qf1 Rb2 37. g4 a3 38. gxf5 g5 39. h4 g4 40.
Qf4 Rxe2 41. Qh6 Bd4+ 42. Kh1 Be3 43. Qxc6 Rb8 44. Qc7 Rbb2 45. Rd1 a2 46. f6
Rh2+ 0-1

[Event "BL 0607 SF Katernberg - SV Wattenscheid"]
[Site "?"]
[Date "2006.12.10"]
[Round "6.6"]
[White "Firman, Nazar"]
[Black "Holzke, Frank Dr"]
[Result "1-0"]
[WhiteElo "2495"]
[BlackElo "2461"]
[PlyCount "93"]
[EventDate "2006.??.??"]

1. e4 e5 2. Nf3 Nc6 3. Bb5 a6 4. Ba4 Nf6 5. O-O Nxe4 6. d4 b5 7. Bb3 d5 8. dxe5
Be6 9. Nbd2 Be7 10. Qe2 Nc5 11. Rd1 O-O 12. Nf1 Qd7 13. Bf4 Nd8 14. c4 bxc4 15.
Bxc4 Qa4 16. b3 Qb4 17. Rxd5 Bxd5 18. Bxd5 Nde6 19. Bd2 Qb5 20. Bc4 Qb7 21. Ng3
Rfe8 22. Rc1 Bf8 23. Be3 Ne4 24. Nxe4 Qxe4 25. Bxa6 c5 26. Bd3 Rxa2 27. Qxa2
Qxd3 28. Qc2 Qd5 29. Qc4 Qb7 30. h4 Rb8 31. Rc3 Qa8 32. Qd3 Qa1+ 33. Kh2 Rd8
34. Qc2 Rd1 35. Kg3 g6 36. Rd3 Rh1 37. Qc4 Bg7 38. Rd5 Bf8 39. Rd7 h5 40. Rxf7
Kxf7 41. Ng5+ Kg7 42. Nxe6+ Kg8 43. Nf4+ Kg7 44. Qe6 Qd1 45. Qxg6+ Kh8 46. Nxh5
Qd5 47. Nf6 1-0